000 00437cam a2200181ua 4500
020 _cRs 1.50
041 _amal
_h
082 _a894.812 2
_bGOP/TH
100 _aGopi, Kaladi .
245 _aThilakkunna kadal /
_cKaladi Gopi.
_hTextual Documents
260 _aKollam :
_bModern books ,
_c1963.
300 _a114 ; .
365 _aRs 1.50
504 _a
650 _aDrama - Malayalam
942 _cBK
999 _c578
_d578